01076nam a2200241Ia 450000100060000000300090000600800410001504000130005604000130006904100130008210000190009510000290011424500650014324500650020825000110027326000120028426000160029626000410031230000430035350003780039665000290077465000310080360497IT-RoPAU130308s9999 xx 000 0 und d aIT-RoPAU cIT-RoPAU aFRANCESE aTamine Jacques gCodice Aut. SPICS: 21705 aCybernetique (La)-Une science moderne au pays des Merveilles bCybernetique (La)-Une Science Moderne Au Pays des Merveilles a2a ed. aLOUVAIN bNauwelaerts c1971 [1° Ed.: - Ed.Ling.Originale:] a"338 p. (prefazione: no ; testo: 338)" aCibernetica Scienza moderna nel paese delle meraviglie cibernetica Scienza dei Messaggi Informazione Informazione con Il Computer mezzi di Comunicazione cavo Telegrafo telefono Radio satellite tv Trasmissione delle informazioni Tramite Esseri viventi Memoria Automazione cibernetica Scienza dei Controlli Intelligenza Artificiale istruzione Programmata medicina Cibernetica aTEORIA DELLA CIBERNETICA eCodice materia Spics: 4102